Utilization of coconut timber from North Sulawesi, Indonesia

Bibliographic Details
Main Author: FRUHWALD
Corporate Author: German Agency for Technical Cooperation
Other Authors: Peek, Schulte
Format: Book
Published: Hamburg : federal Research Centre for Forestry and Forest Products , 1992
Subjects:

MARC

LEADER 00000cam a2200000 7i4500
001 0000002822
005 20040119.0
090 0 0 |a 634.61   |b FRU 1992 
100 1 0 |a FRUHWALD   |h Arno 
245 1 0 |a Utilization of coconut timber from North Sulawesi, Indonesia   |c Arno Fruhwald, Rolf-Dieter Peek, Matthias Schulte 
260 0 0 |a Hamburg :   |b federal Research Centre for Forestry and Forest Products ,   |c 1992 
300 |a 352 p. :   |b ill. ;   |c 30 cm. 
500 0 0 |a Bibliography : p. 340-352 
500 0 0 |a Translated from German 
650 0 0 |a Coconut palm 
700 0 1 |a Peek   |h Rolf-Dieter 
700 0 1 |a Schulte   |h Matthias 
710 1 1 |a German Agency for Technical Cooperation 
998 |a JPSM 
999 |a 0000004512   |b Monograph   |c Open Shelf   |e Default branch